000 00319nam a22001457a 4500
008 230927b ||||| |||| 00| 0 eng d
020 _a093035091
041 _aeng
080 _a316
082 _a316BER
100 _a24
101 _aSOCIOLO
245 _aERVING GOFMAN FRAME ANALYSIS
_cBERGER.B
942 _2udc
_cBK
999 _c60411
_d60411